| 000 | 01604cab a2200241 4500 | ||
|---|---|---|---|
| 001 | ##L134707 | ||
| 008 | 060829n2006 000 0 eng u | ||
| 035 | _a(Sirsi) u134707 | ||
| 041 | 0 | _aeng | |
| 100 | 1 | _aBlackman, David | |
| 245 | 0 | 0 | _aAustralia strives to ease growth pains |
| 260 | _c2006 | ||
| 490 | 0 |
_aPlanning (for the Natural and Built Environment) _v(1682) 18 August 2006, 14-15(2) |
|
| 520 | _aLooks to Australia for the direction future urban development might take in the UK following the Barker review. The release of housing land for affordable owner-occupied housing has been the norm in Australia with the consequence that urban sprawl has happened on a scale unknown in Europe. Melbourne accommodates less than half London's population on the same amount of land. Discusses the Melbourne 2030 strategic plan which establishes an urban growth boundary for the first time and encourages developers to bring forward projects in places identified in the document. Forty per cent of the city's planned housing will be located around 50 activity centres that are designed to be high-density developments around transport centres. Lists key facts about Melbourne and touches on Victoria's infrastructure funding solutions and the cost downside of Sydney's housing policy. | ||
| 590 | _aIKA050905 | ||
| 650 | 2 | 4 | _aBARKER REVIEW OF HOUSING SUPPLY: SECURING OUR FUTURE HOUSING NEEDS |
| 651 | 4 | _aAUSTRALIA | |
| 651 | 4 | _aVICTORIA | |
| 651 | 4 | _aSYDNEY | |
| 651 | 4 | _aMELBOURNE | |
| 690 | _aENVIRONMENTAL AND LAND CONSULTANCY-PLANNING AND DEVELOPMENT-STRATEGIC PLANNING | ||
| 942 | _n0 | ||
| 999 |
_c77622 _d77622 |
||